Προγράμματα της περιβαλλοντικής εκπαίδευσης στο Δήμο Πεταλούδων : μεταπτυχιακή διπλωματική εργασία

Αποθηκεύτηκε σε:
Λεπτομέρειες βιβλιογραφικής εγγραφής
Κύριος συγγραφέας: Παπαγρηγορίου, Φωτεινή Αθ
Συγγραφή απο Οργανισμό/Αρχή: Πανεπιστήμιο Αιγαίου Σχολή Ανθρωπιστικών Επιστημών Τμήμα Επιστημών της Προσχολικής Αγωγής και του Εκπαιδευτικού Σχεδιασμού Πρόγραμμα Μεταπτυχιακών Σπουδών Περιβαλλοντική Εκπαίδευση
Άλλοι συγγραφείς: Κόνσολας, Μάνος Ν. (Εισηγητής διατριβής)
Μορφή: Thesis Βιβλίο
Γλώσσα:Greek
Δημοσίευση: 2008
Θέματα:
Διαθέσιμο Online:http://hdl.handle.net/11610/15678
Ετικέτες: Προσθήκη ετικέτας
Δεν υπάρχουν, Καταχωρήστε ετικέτα πρώτοι!

MARC

LEADER 00000cam a2200000 i 4500
001 1/6470
008 100414s2008 gre d
035 |l 10107522 
040 |a GR-MY-UA  |b gre  |e aacr 
041 0 |a gre 
082 0 |a 363.7  |2 (22) 
100 1 |a Παπαγρηγορίου, Φωτεινή Αθ. 
245 1 0 |a Προγράμματα της περιβαλλοντικής εκπαίδευσης στο Δήμο Πεταλούδων :  |b μεταπτυχιακή διπλωματική εργασία /  |c Φωτεινή Παπαγρηγορίου ; επιβλέπων: Εμμανουήλ Κόνσολας 
260 |c 2008 
300 |a 93 σ.;  |c 30 εκ. 
500 |a Μέλη εξεταστικής επιτροπής: Σταμάτης Παναγιώτης, Ζαχαρίου Αραβέλλα 
502 |a Διατριβή (μεταπτυχιακή) – Πανεπιστήμιο Αιγαίου, Ρόδος, 2008. 
504 |a Βιβλιογραφία: σ. 91-93 
650 0 0 |a Environmental education  |x Activity programs  |z Greece  |z Rhodes (Island) 
650 0 |a Sustainable development  |z Greece  |z Rhodes (Island) 
650 0 0 |a Dissertations, Academic  |z Greece. 
651 0 |a Rhodes (Greece : Island) 
700 1 |a Κόνσολας, Μάνος Ν.  |4 ths 
710 2 |a Πανεπιστήμιο Αιγαίου  |b Σχολή Ανθρωπιστικών Επιστημών  |b Τμήμα Επιστημών της Προσχολικής Αγωγής και του Εκπαιδευτικού Σχεδιασμού  |b Πρόγραμμα Μεταπτυχιακών Σπουδών Περιβαλλοντική Εκπαίδευση. 
852 |a INST  |b RHODES  |c DIATR  |e 20101004  |h 363.7 ΠΑΠ  |p 005400032609  |q 005400032609  |t MTXE  |y 23 
852 |a INST  |b RHODES  |c DIATR  |e 20101004  |h 363.7 ΠΑΠ  |p 005400032610  |q 005400032610  |t MTXE  |y 23 
856 |u http://hdl.handle.net/11610/15678 
901 |a BIBL4-2010-1 
909 |a Ρ  |b 159831 
909 |a Ρ  |b 159832 
924 |a ΠΑΠΑΓΡΗΓΟΡΙΟΥ  |b ΦΩΤΕΙΝΗ  |y ΡΟΔΟΣ  |z 2009-05 
970 |a ΚΟΖΑ  |b ΜΑΡΙΑ  |z 2010/04/14